01574nam a2200337Ia 4500001000400000003000400004005001700008008004100025020001800066040000800084041000900092082001600101100003000117240003700147245008800184260003900272300001600311520052000327650002900847650002400876650001800900650001700918650002200935655001600957655002000973700003600993830003701029942001201066952014501078999001301223403OSt20250528074019.0250415b ||||| |||| 00| 1 por d a9788576839422 bpor apor  a028.5bK64d1 aKinney, Jeff,d1971-9597 aDiary of a Wimpy Kid: Old School aDiário de um bananab: Bons Temposc/ Kinney, Jeff ; tradução Alexandre Boide aSão PaulobVergara & Ribac2020. a217 p.bil. aA vida era melhor antigamente. Bem, pelo menos é o que dizem. Mas Greg Heffley, um garoto bastante acostumado ao conforto do mundo moderno, não concorda muito com isso. E uma decisão polêmica vai colocar o seu paraíso tecnológico em curto-circuito: todos em sua cidade resolvem dar um tempo dos aparelhos eletrônicos. Dentro e fora de casa, Greg terá que enfrentar o dia a dia à moda antiga. Será que ele vai conseguir sobreviver do mesmo jeitinho que se fazia nos “bons e velhos tempos”? 0aLiteratura Americana984 0aInfantojuvenil9200 0aDiário9599 0aAmizade9556 0aVida escolar9600 0aRomance923 0aFicção 922 aAlexandre BoiadecTRADUTOR9870 aDiário de um banana9598vv.10 2ddccBK 00102ddc3vol. 1040708FICaBIBIBbBIBIBcIJd2025-04-15edoaçãol0oIJ 028.5 / K55dp2025-17341r2025-04-15 15:22:34w2025-04-15yBK c403d403